000 00475nam a22001937a 4500
003 MPLRDC
005 20220104114634.0
008 210129b ||||| |||| 00| 0 eng d
020 _a957-8706-11-1
082 _a781 AH v.1 c.2
100 _a爱华 编著
245 _a临终的智慧. 一
_c
250 _a初版一刷
260 _a
_b鸿业图书公司
_c1994
300 _b
490 _a大都会系列. 6
650 _a名人传记
942 _cBK
_o781 AH v.1 c.2
999 _c9044
_d9034